| 000 | 00919nmc a2200313 a 4500 | ||
|---|---|---|---|
| 003 | AR-BaBNM | ||
| 005 | 20251128204150.0 | ||
| 008 | 055019s1988 ||||||||||||||000 | spa|| | ||
| 020 | _a950-25-1493-9 | ||
| 040 | _cAR-BaBNM | ||
| 245 | 1 | 0 |
_aLas prácticas sociopolíticas del sindicalismo _n2 [1955-1985] |
| 260 |
_aBuenos Aires _bCentro Editor de América Latina _c1988 |
||
| 300 | 0 | _a212 p. | |
| 490 | 0 |
_aBiblioteca política Argentina _vv. 224 |
|
| 500 | 0 | _aContiene: apéndice | |
| 500 | 0 | _aCGT:CONFEREDERACION GENERAL DEL TRABAJO | |
| 650 | 4 | _aHISTORIA POLITICA | |
| 650 | 4 | _aSINDICATOS | |
| 650 | 4 | _aPOLITICA SOCIAL | |
| 650 | 4 | _aPOLITICA LABORAL | |
| 650 | 4 | _aSOCIOLOGIA POLITICA | |
| 650 | 4 | _aCONFLICTO LABORAL | |
| 650 | 4 | _aSINDICALISMO | |
| 650 | 4 | _aMOVIMIENTO OBRERO | |
| 700 | 1 |
_aFernández, Arturo _eprologuista |
|
| 800 | 1 |
_aTroncoso, Oscar _edirector |
|
| 942 | _cBK | ||
| 998 | _cGrace | ||
| 999 |
_c6440 _d6440 |
||